| 000 | 01317nam a22002297 4500 | ||
|---|---|---|---|
| 999 |
_c1165 _d1165 |
||
| 003 | AR-BaISA | ||
| 005 | 20221102150839.0 | ||
| 007 | ta | ||
| 008 | 221102b2010 ag ad||| |||| 000 0 spa d | ||
| 020 | _a9789506492694 | ||
| 040 |
_bspa _cAR-BaISA |
||
| 082 |
_222 _a150.195 P462 |
||
| 100 | 1 |
_92550 _aPeusner, Pablo |
|
| 245 | 1 | 0 |
_aReinventar la debilidad mental: _breflexiones psicoanalíticas en torno de un concepto analítico / _cPablo Peusner |
| 260 |
_aBuenos Aires: _bLetra Viva, _c2010 |
||
| 300 |
_a131 p.: _bil., gráfs. |
||
| 505 |
_tReinventar la debilidad mental -- _tEl débil mental, complaciente Sísifo -- _t"Vos lo dijiste". Prestarse a la debilidad mental -- _tReinventar la debilidad mental. Apuntes de método _tANEXOS: _tEmilse Pérez Arias / Dos Sísifos y una analista: intervenciones psicoanalíticas posibles en la debilidad mental -- _tMónica Soba / Perlas de la debilidad mental institucionalizada -- _tViviana Cuevas / Teseo y el Minotauro. Ante lo posible de una integración socio-educativa de la debilidad mental -- _tSilvia Young, Teresa Fliman / ¿Y ante la debilidad mental, qué? -- _tGerardo Máximo García / Encore, la debilidad en cuerpo |
||
| 650 | 1 | 0 |
_9141 _aPsicoanálisis |
| 650 | 1 | 0 |
_9504 _aTrastornos mentales |
| 650 | 1 | 0 |
_92069 _aDiscapacidad intelectual |
| 942 |
_2ddc _cLI _e22 |
||